Standing at the burning bush : (Registro nro. 55392)
[ vista simple ]
| 000 -LÍDER | |
|---|---|
| Campo fijo de descripción fija | 01328aab a2200241 i 4500 |
| 001 - NÚMERO DE CONTROL | |
| Campo de control | 768714001 |
| 003 - IDENTIFICADOR DEL NÚMERO DE CONTROL | |
| Campo de control | CO-MdFUSB |
| 005 - FECHA Y HORA DE LA ULTIMA TRANSACCIÓN | |
| control field | 20240704115751.0 |
| 008 - ELEMENTOS DE LONGITUD FIJA -- INFORMACIÓN GENERAL | |
| Campo fijo de descripción fija -- Información general | 240704t1995 sz ||||| |||| 00| 0 eng d |
| 040 ## - FUENTE DE CATALOGACIÓN | |
| Idioma de catalogación | spa |
| Agencia que realiza la transcripción | CO-MdFUSB |
| 041 ## - CÓDIGO DE IDIOMA | |
| Código de idioma para texto/pista de sonido o título separado | eng |
| 100 1# - ASIENTO PRINCIPAL--NOMBRE PERSONAL | |
| Nombre personal | Mitchell, Sarah |
| Término relacionador | autor |
| 245 10 - TÍTULO | |
| Título | Standing at the burning bush : |
| Subtitulo | women's experience in the presbyterian church of Aotearoa New Zealand |
| Mención de responsabilidad | / Sarah Mitchell |
| 520 ## - NOTA DE RESUMEN, ETC. | |
| Nota de sumario, etc. | La Iglesia Presbiteriana de Aotearoa Nueva Zelanda (PCANZ) existe desde hace poco más de ciento cincuenta años. En la Asamblea General de 1990 se llevaron a cabo celebraciones para conmemorar el centenario. Este momento parecía una buena oportunidad para reflexionar sobre los últimos años, especialmente de cara al siglo XXI. Este artículo trata sobre la situación de la mujer hasta 1990. Es un intento de dar cuenta de las experiencias de las mujeres en su congregación.. |
| 546 ## - NOTA DE IDIOMA | |
| Nota de idioma | Texto en inglés. |
| 650 #0 - ASIENTO SECUNDARIO DE MATERIA - TERMINO TEMÁTICO | |
| Término temático o nombre geográfico como elemento de entrada | Historia de la Iglesia |
| 9 (RLIN) | 153 |
| 650 #0 - ASIENTO SECUNDARIO DE MATERIA - TERMINO TEMÁTICO | |
| Término temático o nombre geográfico como elemento de entrada | Mujeres |
| Subdivisión general | Aspectos religiosos |
| -- | Cristianismo |
| 9 (RLIN) | 326 |
| 650 #7 - ASIENTO SECUNDARIO DE MATERIA - TERMINO TEMÁTICO | |
| Término temático o nombre geográfico como elemento de entrada | Mujeres |
| Subdivisión general | Derechos |
| 9 (RLIN) | 325 |
| 650 #7 - ASIENTO SECUNDARIO DE MATERIA - TERMINO TEMÁTICO | |
| Término temático o nombre geográfico como elemento de entrada | Antropología cultural y social |
| 9 (RLIN) | 6714 |
| 773 0# - ASIENTO DE ITEM FUENTE | |
| Título | Reformed World |
| Biblionumber | 49396 |
| Itemnumber | 59539 |
| Parte(s) relacionada(s) / Volumen., número. (mes año), páginas | Volumen 45, (número 2, 1995) páginas: 72 - 86 |
| Enumeración y primera página | página: 72 |
| 942 ## - TIPO DE MATERIAL (KOHA) | |
| Tipo de Item KOHA | Artículos de Revista |
| 945 ## - INFORMACIÓN LOCAL DEL REGISTRO | |
| Catalogador | Catherine Arias Álvarez - Practicante SENA |
No hay ítems disponibles.
